İçeriği atla

Основы теории информационных процессов и систем Учебное пособие

Рассматриваются базовые положения теории систем и системного анализа дается представление о процессе обработки данных в информационно-измерительных системах который раскрыт на примере задач сжатия данных и помехоустойчивого кодирования а также рассматриваются основные вопросы теории передачи данных....

Ful tanımlama

Kaydedildi:
Detaylı Bibliyografya
Yazar: Левенец А.В
Materyal Türü: Учебное пособие
Online Erişim:https://znanium.ru/catalog/document?id=451747
https://znanium.ru/cover/2169/2169713.jpg
Etiketler: Etiketle
Etiket eklenmemiş, İlk siz ekleyin!
LEADER 02514nam0a2200301 i 4500
001 RU\infra-m\znanium\bibl\2169713
003 https://znanium.ru/catalog/document?id=451747
005 20240812000000.0
010 |a 978-5-9729-1859-1 
100 |a 20240812d2024 m y0rusy0150 ca 
101 0 |a rus 
102 |a RU 
200 1 |a Основы теории информационных процессов и систем  |e Учебное пособие  |f Тихоокеанский государственный университет 
210 1 |a Вологда  |c Инфра-Инженерия  |d 2024 
215 |a 324 с. 
330 |a Рассматриваются базовые положения теории систем и системного анализа дается представление о процессе обработки данных в информационно-измерительных системах который раскрыт на примере задач сжатия данных и помехоустойчивого кодирования а также рассматриваются основные вопросы теории передачи данных. Для студентов и аспирантов изучающих дисциплины «Теория информационных процессов и систем» «Информационно-измерительные системы» и др. Может быть полезно преподавателям соответствующих направлений подготовки. 
333 |a Профессиональное образование 
606 |a Науковедение. Общенаучное знание и теории  |x Общенаучное знание и теории  |2 local 
608 |a Учебное пособие  |2 local 
675 |a 519  |z rus 
686 |a 221  |2 rubbk 
686 |a 09.03.02  |2 okso 
686 |a 09.04.02  |2 okso 
686 |a 10.05.04  |2 okso 
700 1 |a Левенец  |b А.В.  |g Алексей Викторович  |p Тихоокеанский государственный университет 
801 0 |a RU  |b Общество с ограниченной ответственностью «ЗНАНИУМ»  |c 20240809  |2 rusmarc 
856 4 |a znanium.ru  |m ebs_support@infra-m.ru  |n НИЦ ИНФРА-М  |u https://znanium.ru/catalog/document?id=451747 
856 4 1 |a znanium.ru  |d /cover/2169  |f 2169713.jpg  |q image/jpeg  |u https://znanium.ru/cover/2169/2169713.jpg